|
|
|
|
| LEADER |
02937nam a2200661 a 4500 |
| 001 |
nkc20091853257 |
| 003 |
CZ PrNK |
| 005 |
20090403145619.0 |
| 007 |
ta |
| 008 |
090127s2008 xr ac e 100 0 cze |
| 015 |
|
|
|a cnb001853257
|
| 020 |
|
|
|a 978-80-7037-180-0
|q (brož.)
|
| 035 |
|
|
|a (OCoLC)316684652
|
| 040 |
|
|
|a ABA001
|b cze
|
| 041 |
0 |
|
|a cze
|a slo
|
| 043 |
|
|
|a e-xr---
|
| 045 |
|
|
|a x5y0
|
| 072 |
|
7 |
|a 629
|x Dopravní prostředky
|2 Konspekt
|9 19
|
| 080 |
|
|
|a 629.78
|2 MRF
|
| 080 |
|
|
|a 629.78(091)
|2 MRF
|
| 080 |
|
|
|a 629.783
|2 MRF
|
| 080 |
|
|
|a (437.3)
|2 MRF
|
| 080 |
|
|
|a (062.534)
|2 MRF
|
| 111 |
2 |
|
|a 50 let kosmonautiky (konference)
|d (2007 :
|c Praha, Česko)
|7 kn20090210033
|
| 245 |
1 |
0 |
|a 50 let kosmonautiky :
|b výročí startu první umělé družice Země /
|c [k vydání připravili Igor Janovský a Ivana Lorencová]
|
| 246 |
1 |
|
|i Název v zápatí:
|a 50 let kosmonautiky - výročí startu první umělé družice Země
|
| 246 |
3 |
|
|a Padesát let kosmonautiky
|
| 246 |
3 |
|
|a 50 let výročí startu první umělé družice Země
|
| 246 |
3 |
0 |
|a Výročí startu první umělé družice Země
|
| 260 |
|
|
|a Praha :
|b Národní technické muzeum,
|c 2008
|
| 300 |
|
|
|a 192 s. :
|b il., portréty ;
|c 26 cm
|
| 490 |
1 |
|
|a Práce z dějin techniky a přírodních věd,
|x 1801-0040 ;
|v sv. 19
|
| 500 |
|
|
|a Obálkový podnázev: sborník z konference k padesátému výročí startu první umělé družice Země
|
| 500 |
|
|
|a 150 výt.
|
| 504 |
|
|
|a Obsahuje bibliografii a bibliografické odkazy
|
| 546 |
|
|
|a Část. slovenský text, souběžný anglický obsah
|
| 648 |
|
4 |
|a 1957-2007
|
| 650 |
0 |
7 |
|a kosmonautika
|7 ph114991
|y 20.-21. století
|2 czenas
|
| 650 |
0 |
7 |
|a kosmonautika
|7 ph114991
|z Česko
|y 20.-21. století
|2 czenas
|
| 650 |
0 |
7 |
|a dějiny kosmonautiky
|7 ph488974
|y 20.-21. století
|2 czenas
|
| 650 |
0 |
7 |
|a umělé družice
|7 ph162474
|y 20.-21. století
|2 czenas
|
| 650 |
0 |
7 |
|a umělé družice
|7 ph162474
|z Česko
|y 20.-21. století
|2 czenas
|
| 650 |
0 |
9 |
|a astronautics
|y 20th-21st centuries
|2 eczenas
|
| 650 |
0 |
9 |
|a astronautics
|z Czechia
|y 20th-21st centuries
|2 eczenas
|
| 650 |
0 |
9 |
|a history of astronautics
|y 20th-21st centuries
|2 eczenas
|
| 650 |
0 |
9 |
|a artificial satellites
|y 20th-21st centuries
|2 eczenas
|
| 650 |
0 |
9 |
|a artificial satellites
|z Czechia
|y 20th-21st centuries
|2 eczenas
|
| 655 |
|
7 |
|a sborníky konferencí
|7 fd133333
|2 czenas
|
| 655 |
|
9 |
|a proceedings of conferences
|2 eczenas
|
| 700 |
1 |
|
|a Janovský, Igor,
|d 1939-
|7 jn20000401199
|4 edt
|
| 700 |
1 |
|
|a Lorencová, Ivana,
|d 1964-
|7 stk2007415466
|4 edt
|
| 830 |
|
0 |
|a Práce z dějin techniky a přírodních věd
|0 s
|
| 856 |
4 |
1 |
|u http://www.digitalniknihovna.cz/mzk/uuid/uuid:e227a390-26ec-11ee-be80-0050568d319f
|y Digitalizovaný dokument
|x NDK
|
| 910 |
2 |
|
|a BOA001
|b 3-1219.057
|
| 990 |
|
|
|a BK
|
| 995 |
|
|
|a 01
|
| 991 |
|
|
|b 200902
|c NOV
|
| 996 |
6 |
|
|b 2610367300
|c 3-1219.057
|l MZK
|r Sklad / do 1 hodiny
|n 2
|p p.v.
|w 000928665
|u 000010
|a 1
|e BOA001
|j MZK50
|s P
|